| 000 | 01103nam a2200289 i 4500 | ||
|---|---|---|---|
| 001 | 181062 | ||
| 003 | ES-MaACL | ||
| 005 | 20251001144408.0 | ||
| 008 | 121015s2011 sp a | |||||||| | spa d | ||
| 020 | _a978-84-414-2879-9 | ||
| 080 | _a355.353(460)"16/18" | ||
| 080 | _a355.49(460)"16/18" | ||
| 100 | 1 |
_aCanales Torres, Carlos. _9151605 |
|
| 245 | 1 | 0 |
_aNaves mancas : _bla Armada española a vela : de Cabo Celidonia a Trafalgar / _cCarlos Canales Torres, Miguel del Rey Vicente. |
| 250 | _a1ª ed. | ||
| 260 |
_aMadrid : _bEdaf, _c2011. |
||
| 300 |
_a350 p., [4] p. pleg. de lám. : _bil. col., mapas ; _c26 cm. |
||
| 490 | 1 | _aClío crónicas de la historia | |
| 504 | _aBibliografía: p. [339]-341. Índices. | ||
| 650 | 4 |
_aMarina de guerra- _zEspaña- _vHistoria. _914782 |
|
| 651 | 4 |
_aEspaña- _xHistoria naval. _98375 |
|
| 700 | 1 |
_aRey Vicente, Miguel del, _d1962- _9164802 |
|
| 830 | 1 |
_aClío crónicas de la historia _9179748 |
|
| 852 |
_aES-MaACL _jA-12276 _9187945 _bR.148274 _cDEPO1 _dOlim: N-5281 _xDonación: Juan M. García |
||
| 942 |
_2udc _cMONOGRAFIA |
||
| 999 |
_c181062 _d181062 |
||